Metodika tvorby a kontroly jmenných autorit ve formátu MARC21 korporace

Salvato in:
Dettagli Bibliografici
Autore principale: Světlíková, Svojmila
Natura: Libro
Lingua:ceco
Pubblicazione: Praha Národní knihovna České republiky 2006
Serie:Standardizace č. 29
Soggetti:
Tags: Aggiungi Tag
Nessun Tag, puoi essere il primo ad aggiungerne!!

MARC

LEADER 00000nam$a2200000$$$4500
001 0056323
005 20240313133203.4
020 |a 80-7050-508-7 
022 |a 1211-7366 
041 0 |a cze 
044 |a CZ 
245 1 0 |a Metodika tvorby a kontroly jmenných autorit ve formátu MARC21  |b korporace  |c Svojmila Světlíková 
264 1 |a Praha  |b Národní knihovna České republiky  |c 2006 
300 |a 28 s. 
490 1 |a Standardizace  |v č. 29 
830 0 |a Standardizace  |v č. 29 
610 2 0 |a knihovníctvo 
610 2 0 |a katalógy knižničné 
610 2 0 |a metodika 
610 2 0 |a štandardy 
610 2 0 |a MARC 21 
100 1 |a Světlíková, Svojmila